LEADER 01949nam0 2200325 i 450 001 CFI0239712 005 20231121125448.0 010 $a8823802059 020 $aIT$b93-6639 100 $a20140924d1993 ||||0itac50 ba 101 | $aita 102 $ait 181 1$6z01$ai $bxxxe 182 1$6z01$an 200 1 $a˜L'œanalisi multivariata nelle ricerche di marketing$eapplicazioni alla segmentazione della domanda e al mapping multidimensionale$fLuca Molteni 210 $aMilano$cEGEA$d\1993! 215 $aXII, 330 p.$d23 cm. 225 | $aQuaderni$fSDA Bocconi$v7 410 0$1001CFI0169440$12001 $aQuaderni$fSDA Bocconi$v7$171201$aUniversità commerciale L. Bocconi$b : Scuola di direzione aziendale$3CFIV010896 606 $aRicerche di mercato$xMetodi statistici$2FIR$3RMLC376982$9I 676 $a658.8$9$v20 700 1$aMolteni$b, Luca$3CFIV128319$4070$0437450 801 3$aIT$bIT-01$c20140924 850 $aIT-FR0098 899 $aBiblioteca Area Giuridico Economica$bFR0098 912 $aCFI0239712 950 0$aBiblioteca Area Giuridico Economica$d 53MAG MC 2 69$e 53VM 0000003145 VM A4 barcode:ECO009821. - Inventario:5347. - Fondo:Sala consultazioneVM$fA $h20000210$i20121204$d 53TER 658.8/61$e 53VM 0000003135 VM barcode:ECO006440VM$fA $h19980416$i20121204$d 53TER 658.8/61 bis$e 53VM 0000003125 VM barcode:ECO008710. - Inventario:4310. - Fondo:Sala consultazioneVM$fA $h20000505$i20121204$d 53TER 658.8/61 ter$e 53VM 0000003115 VM barcode:ECO010635. - Inventario:5518. - Fondo:Sala consultazioneVM$fA $h20020523$i20121204$d 53IMP M.C. 2 47$e 53IMP0000048665 VMB A4 $fA $h20150605$i20150605 977 $a 53 996 $aAnalisi multivariata nelle ricerche di marketing$963085 997 $aUNICAS